000 00217nam a2200097Ia 4500
008 190216s9999||||xx |||||||||||||| ||und||
100 _aChellappan Nair N P
245 0 _aDhashapushpangal
260 _bNull
942 _cBK
999 _c24798
_d24798